000 00372 a2200169 4500
001 157164
020 _a9788516118037
040 _cEscola São Tomás de Aquino
100 _aORMUNDO, Wilton
240 1 0 _aSe liga na língua
_lpor
245 1 0 _aSe liga na língua
300 _a344 p.
362 0 _a2019
440 1 _aModerna
697 _aPortuguês
942 _cBK
999 _c157164
_d157164